Loading...
Sri mahabharatam/
| Hovedforfatter: | |
|---|---|
| Format: | Printed Book |
| Udgivet: |
Kottayam:
Sahitya Pravartaka Co-operative Society,
1985.
|
| Fag: |
| LEADER | 00536nam a22001451a 4500 | ||
|---|---|---|---|
| 082 | |a M 294.592 3 |b EZH/S | ||
| 100 | |a Ezhuthachan |9 176083 | ||
| 245 | |a Sri mahabharatam/ |c by Ezhuthachan | ||
| 260 | |a Kottayam: |b Sahitya Pravartaka Co-operative Society, |c 1985. | ||
| 300 | |a 716p. | ||
| 650 | |a Mahabharatham |9 176084 | ||
| 650 | |a Religion |9 176085 | ||
| 942 | |c BK | ||
| 999 | |c 43664 |d 43664 | ||
| 952 | |0 0 |1 0 |4 0 |6 M_294_592000000000000_3_EZH_S |7 0 |9 63222 |a SSUS |b SSUS |d 2015-01-08 |g 35.00 |l 3 |o M 294.592 3 EZH/S |p 011635 |r 2019-11-11 |s 2019-11-06 |v 0.00 |w 2015-01-08 |y BK | ||